| Tag |
First Indicator |
Second Indicator |
Subfields |
| LEADER |
00000cam a2200000 a 4500 |
| 001 |
in00000892425 |
| 005 |
20220103115101.0 |
| 007 |
cr unu a |
| 008 |
900321s1989 xx a b 00010 eng d |
| 035 |
|
|
|9 AEK7522AM
|
| 035 |
|
|
|a (OCoLC)21250006
|
| 040 |
|
|
|a TXA
|c TXA
|d UtOrBLW
|
| 049 |
|
|
|a TXAZ [Also in] [Archives]
|c 1 [A12484712], 2 [A12484762]
|
| 099 |
|
|
|a 1989
|a Thesis
|a G197
|
| 100 |
1 |
|
|a Gangadharan, Anand,
|d 1963-
|
| 245 |
1 |
0 |
|a Modeling of reactor components using FIDAP :
|b a finite element computer code /
|c by Anand Gangadharan.
|
| 264 |
|
1 |
|a [Place of publication not identified] :
|b [publisher not identified] ;
|c 1989.
|
| 300 |
|
|
|a ix, 88 leaves :
|b illustrations ;
|c 29 cm.
|
| 336 |
|
|
|a text
|b txt
|2 rdacontent
|
| 337 |
|
|
|a computer
|b c
|2 rdamedia
|
| 338 |
|
|
|a online resource
|b cr
|2 rdacarrier
|
| 500 |
|
|
|a "Major subject: Nuclear Engineering."
|
| 500 |
|
|
|a Typescript (photocopy).
|
| 500 |
|
|
|a Vita.
|
| 502 |
|
|
|b M.S.
|c Texas A&M University
|d 1989.
|
| 504 |
|
|
|a Includes bibliographical references.
|
| 530 |
|
|
|a Also available online.
|
| 650 |
|
0 |
|a Fluid dynamics.
|
| 650 |
|
0 |
|a Pressurized water reactors
|x Cooling.
|
| 650 |
|
0 |
|a Pressurized water reactors
|x Thermodynamics.
|
| 650 |
|
4 |
|a Major nuclear engineering.
|
| 856 |
4 |
1 |
|u https://hdl.handle.net/1969.1/ETD-TAMU-1989-THESIS-G197
|z Link to OAKTrust copy
|t 0
|
| 999 |
|
|
|a MARS
|
| 999 |
f |
f |
|s dd140f91-288e-3d52-838c-076f6fc421cf
|i 516a7f5b-b71c-333a-9758-fc64268d39a9
|t 0
|
| 952 |
f |
f |
|p noncirc
|a Texas A&M University
|b J.J. Pickle Campus
|c High Density Repository
|d Remote Storage
|t 0
|e 1989 Thesis G197
|h Other scheme
|i computer -- online resource
|m A14839629901
|
| 952 |
f |
f |
|a Texas A&M University
|b College Station
|c Electronic Resources
|d Available Online
|t 0
|e 1989 Thesis G197
|h Other scheme
|
| 998 |
f |
f |
|a 1989 Thesis G197
|t 0
|l Remote Storage
|
| 998 |
f |
f |
|a 1989 Thesis G197
|t 0
|l Available Online
|